| 000 -LEADER |
| fixed length control field |
01364cam a22003374a 4500 |
| 001 - CONTROL NUMBER |
| control field |
14316803 |
| 005 - DATE AND TIME OF LATEST TRANSACTION |
| control field |
20230717135655.0 |
| 008 - FIXED-LENGTH DATA ELEMENTS--GENERAL INFORMATION |
| fixed length control field |
060327s2007 dcu d 000 0 eng |
| 010 ## - LIBRARY OF CONGRESS CONTROL NUMBER |
| LC control number |
2006010293 |
| 020 ## - INTERNATIONAL STANDARD BOOK NUMBER |
| International Standard Book Number |
9781591473800X |
| 020 ## - INTERNATIONAL STANDARD BOOK NUMBER |
| International Standard Book Number |
1591473802X |
| 040 ## - CATALOGING SOURCE |
| Original cataloging agency |
DLC |
| Transcribing agency |
DLC |
| Modifying agency |
DLC |
| 042 ## - AUTHENTICATION CODE |
| Authentication code |
pcc |
| 050 00 - LIBRARY OF CONGRESS CALL NUMBER |
| Classification number |
BF31 |
| Item number |
.A65 2007 |
| 080 ## - UNIVERSAL DECIMAL CLASSIFICATION NUMBER |
| Universal Decimal Classification number |
159(038) A-66 |
| 245 00 - TITLE STATEMENT |
| Title |
APA dictionary of psychology / |
| Statement of responsibility, etc. |
Gary R. VandenBos, editor in chief. |
| 246 3# - VARYING FORM OF TITLE |
| Title proper/short title |
A.P.A. dictionary of psychology |
| 246 30 - VARYING FORM OF TITLE |
| Title proper/short title |
Dictionary of psychology |
| 250 ## - EDITION STATEMENT |
| Edition statement |
1st ed. |
| 264 ## - PRODUCTION, PUBLICATION, DISTRIBUTION, MANUFACTURE, AND COPYRIGHT NOTICE |
| Place of production, publication, distribution, manufacture |
Washington, DC : |
| Name of producer, publisher, distributor, manufacturer |
American Psychological Association, |
| Date of production, publication, distribution, manufacture, or copyright notice |
c2007. |
| 300 ## - PHYSICAL DESCRIPTION |
| Extent |
xvi, 1024 p. ; |
| Dimensions |
26 cm. |
| 500 ## - GENERAL NOTE |
| General note |
Appendixes: Biographical entries; Institutional and organizational entries; Psychological test and assesment instrument entries; Psychotherapy and psychotherapeutic approach entries. |
| 650 #0 - SUBJECT ADDED ENTRY--TOPICAL TERM |
| Topical term or geographic name entry element |
Psychology |
| Form subdivision |
Dictionaries. |
| 9 (RLIN) |
19382 |
| 653 ## - INDEX TERM--UNCONTROLLED |
| keyword |
ფსიქოლოგიის ლექსიკონი |
| 700 1# - ADDED ENTRY--PERSONAL NAME |
| Personal name |
VandenBos, Gary R. |
| 9 (RLIN) |
19383 |
| 700 1# - ADDED ENTRY--PERSONAL NAME |
| Personal name |
მთავარი რედაქტორი |
| 9 (RLIN) |
19385 |
| 710 2# - ADDED ENTRY--CORPORATE NAME |
| Corporate name or jurisdiction name as entry element |
American Psychological Association. |
| 9 (RLIN) |
19384 |
| 906 ## - LOCAL DATA ELEMENT F, LDF (RLIN) |
| a |
7 |
| b |
cbc |
| c |
orignew |
| d |
1 |
| e |
ecip |
| f |
20 |
| g |
y-gencatlg |
| 942 ## - ADDED ENTRY ELEMENTS (KOHA) |
| Source of classification or shelving scheme |
|
| Koha item type |
წიგნი |